Apostle or A Poser? Quiz Stats

 Plays Quiz not verified by Sporcle

Support Sporcle.
Go Orange.
Score 0/10 Timer 02:00
1 Play Today
% Correct
John Wayne
76.4%
Matthew McConaughey
74.8%
Thomas Jefferson
74.4%
Peter Griffin
70.1%
James Madison
69.2%
Jude Law
62.4%
Philip Seymour Hoffman
60.2%
Andrew Lloyd Webber
57.6%
Simon Seville
57.1%
Bartholomew Simpson
56.4%

You're not logged in!

Compare scores with friends on all Sporcle quizzes.
OR
Log In

From the Vault

'B' Game

by Matt

Better bring broad brains before beginning.
Remove Ads.
Support Sporcle.
Get the best of Sporcle when you Go Orange. This ad-free experience offers more features, more stats, and more fun while also helping to support Sporcle. Thank you for becoming a member.

Show Comments

Extras

Top Quizzes Today


Score Distribution

Your Account Isn't Verified!

In order to create a playlist on Sporcle, you need to verify the email address you used during registration. Go to your Sporcle Settings to finish the process.

Report this User

Report this user for behavior that violates our Community Guidelines.

Details: